Textos fundamentales para el estudio de la historia del derecho: colección de documentos y fuentes primarias para la historia de derecho, con comentarios y cuestiones
Сохранить в:
| Главный автор: | |
|---|---|
| Формат: | |
| Язык: | испанский |
| Опубликовано: |
Concepción
Universidad del Desarrollo Facultad de Derecho
2017
|
| Редактирование: | 1a. ed |
| Предметы: | |
| Метки: |
Добавить метку
Нет меток, Требуется 1-ая метка записи!
|
MARC
| LEADER | 00000cam a2200000 a 4500 | ||
|---|---|---|---|
| 001 | UCC1131 | ||
| 003 | CL-VaPUC | ||
| 008 | 170929e20170000cl |||||||||||||||||spa|d | ||
| 020 | |a 9789563670196 | ||
| 082 | 0 | 4 | |a 340.09 |b AND |2 21 |
| 100 | 0 | |a Andrades Rivas, Luis Eduardo |e author |9 595169 | |
| 245 | 1 | 0 | |a Textos fundamentales para el estudio de la historia del derecho: colección de documentos y fuentes primarias para la historia de derecho, con comentarios y cuestiones |
| 250 | |a 1a. ed | ||
| 300 | |a 742 p | ||
| 942 | |c BK | ||
| 945 | |d 20170929 13:43:00 |a arojas | ||
| 260 | |a Concepción |b Universidad del Desarrollo Facultad de Derecho |c 2017 | ||
| 650 | 0 | |a Historia del derecho |9 255109 | |
| 650 | 0 | |a Fuentes del derecho |9 255162 | |
| 650 | 0 | |a Filosofía del derecho |9 255050 | |
| 583 | |a last modification |c 20171011 10:30:50 |k Rodrigo Vera | ||
| 999 | |c 369706 |d 369704 | ||
| 952 | |0 0 |1 0 |3 erb |4 0 |6 340_090000000000000_AND_2017 |7 0 |8 DER_HIS |9 485688 |a BIBDER |b BIBDER |i 5425956 |l 4 |o 340.09 AND 2017 |p 5425956 |r 2023-04-11 |s 2023-04-04 |w 2019-11-24 |x Ubicación 4to Piso |y BK |z Estos recursos deben solicitarse con anticipación |k DER | ||